Miasta nad Odrą na mapie - Statystyki

Ogólne statystyki
  • Ten quiz został rozwiązany 285 razy
  • Średni wynik to 13 z 29
Odpowiedzi na mapie
Odpowiedzi zakodowano w zielono-czerwonej skali na mapie do tego quizu, zgodnie z poniższymi procentami.
 
Statystyki odpowiedzi
Miasto % Poprawnych
Szczecin
97%
Wrocław
96%
Opole
88%
Zielona Góra
74%
Ostrawa
72%
Głogów
68%
Police
67%
Kędzierzyn-Koźle
64%
Brzeg
63%
Słubice
61%
Frankfurt nad Odrą
59%
Kostrzyn nad Odrą
59%
Oława
56%
Racibórz
52%
Nowa Sól
50%
Gryfino
48%
Krapkowice
39%
Krosno Odrzańskie
36%
Brzeg Dolny
31%
Bytom Odrzański
31%
Jelcz-Laskowice
27%
Ścinawa
21%
Zdzieszowice
19%
Bogumin
17%
Schwedt/Oder
15%
Lubusz
14%
Eisenhüttenstadt
10%
Odry
7%
Gartz (Oder)
6%
Nie znaleziono quizów pasujących do podanych kryteriów
Rozkład punktacji
Procent ludzi z każdym wynikiem
Percentyl według liczby udzielonych odpowiedzi
Twoja historia wyników
Nie rozwiązałeś tego quizu